01231nam a2200157 a 4500008004100000020001500041041000800056100002700064245004700091250004300138260003600181300002200217500008100239505074200320655001101062161215e2004 ag |||g ||| 000 f spa d a9871093829 aspa1 aDostoievski, Fiódor. aCrímen y Castigo /cFiódor Dostoievski a1a ed.bTraducción Carmen Llamazares aBuenos Aires:bGradifco;c2004. a416 p.c20x14 cm. aDostoievski, F. (2004). Crimen y Castigo. (1a ed.). Buenos Aires : Gradifco. aCrimen y Castigo es para algunos la obra maestra de Fedor Dostoievski, el gran novelista ruso que retrató a su pueblo como pocos, siendo capaz de abarcar las profundidades del alma humana, universales e intemporales. El héroe de la novela es Raskolnikov, un joven estudiante que decide asesinar a una usurera; el conflicto es el dilema ético, descripto mediante el complicado proceso mental del protagonista, en una obra de hondura psicológica inigualable. Situada en una miserable e impiadosa San Petersburgo, la novela es una clásico de la literatura universal que es redescubierto generaciones tras generación, plagada de imágenes patéticas, violentas, terribles, pero con un fondo de esperanza entre tanta oscuridad.  aNovela